书目信息 |
| 题名: |
现代财务管理与审计
|
|
| 作者: | 张书玲 , 肖顺松 , 冯燕梁 主编 | |
| 分册: | ||
| 出版信息: | 天津 天津科学技术出版社 2020.4 |
|
| 页数: | 193页 | |
| 开本: | 26cm | |
| 丛书名: | ||
| 单 册: | ||
| 中图分类: | F275 , F239.41 | |
| 科图分类: | ||
| 主题词: | 财务管理--cai wu guan li , 财务审计--cai wu shen ji | |
| 电子资源: | ||
| ISBN: | 978-7-5576-7620-9 | |
| 000 | 01013nam0 2200277 450 | |
| 001 | 2160541225 | |
| 005 | 20210928130734.0 | |
| 010 | @a978-7-5576-7620-9@dCNY68.00 | |
| 100 | @a20201028d2020 em y0chiy0120 ea | |
| 101 | 0 | @achi |
| 102 | @aCN@b120000 | |
| 105 | @ay z 000yy | |
| 106 | @ar | |
| 200 | 1 | @a现代财务管理与审计@Axian dai cai wu guan li yu shen ji@f张书玲,肖顺松,冯燕梁主编 |
| 210 | @a天津@c天津科学技术出版社@d2020.4 | |
| 215 | @a193页@d26cm | |
| 330 | @a本书共九章,主要内容包括:财务管理概述、财务管理的新理念、财务管理的实践研究、企业财务管理的应用、财务审计概述、财务审计的创新研究、财务审计的基础模式、财务审计的应用、财务管理与审计的关系。 | |
| 606 | 0 | @a财务管理@Acai wu guan li |
| 606 | 0 | @a财务审计@Acai wu shen ji |
| 690 | @aF275@v5 | |
| 690 | @aF239.41@v5 | |
| 701 | 0 | @a张书玲@Azhang shu ling@c(财务管理)@4主编 |
| 701 | 0 | @a肖顺松@Axiao shun song@4主编 |
| 701 | 0 | @a冯燕梁@Afeng yan liang@4主编 |
| 801 | 0 | @aCN@b百万庄@c20210926 |
| 905 | @b1301359-362@dF275@e1750@f4 | |
| 现代财务管理与审计/张书玲,肖顺松,冯燕梁主编.-天津:天津科学技术出版社,2020.4 |
| 193页;26cm |
| ISBN 978-7-5576-7620-9:CNY68.00 |
| 本书共九章,主要内容包括:财务管理概述、财务管理的新理念、财务管理的实践研究、企业财务管理的应用、财务审计概述、财务审计的创新研究、财务审计的基础模式、财务审计的应用、财务管理与审计的关系。 |
| ● |
| 相关链接 |
|
|
|
|
正题名:现代财务管理与审计
索取号:F275/1750
 
预约/预借
| 序号 | 登录号 | 条形码 | 馆藏地/架位号 | 状态 | 备注 |
| 1 | 1301359 | 213013594 | 第一样本阅览室/ [索取号:F275/1750] | 在馆 | |
| 2 | 1301360 | 213013601 | 第一借阅区/ [索取号:F275/1750] | 在馆 | |
| 3 | 1301361 | 213013610 | 第一借阅区/ [索取号:F275/1750] | 在馆 | |
| 4 | 1301362 | 213013629 | 第一借阅区/ [索取号:F275/1750] | 在馆 |